[Event "Class Tournaments HC #10"]
[Site "SchemingMind.com"]
[Date "2014.04.22"]
[Round "-"]
[White "Juan Jose Rivas Maceda"]
[Black "chesshub"]
[Result "0-1"]
[WhiteCountry "PER"]
[BlackCountry "FRA"]
[WhiteElo "2273"]
[WhiteRD "68"]
[BlackElo "2469"]
[BlackRD "71"]
[GameID "356982"]

1. e4 c5 2. Nf3 d6 3. d4 cxd4 4. Nxd4 Nf6 5. Nc3 a6 6. h3 e6 7. g4 b5 8. Bg2 Bb7 9. O-O Qc7 10. g5 Nfd7
11. a4 b4 12. Na2 Nc6 13. Nxc6 Qxc6 14. Nxb4 Qc4 15. c3 h6
0-1

[Event "Class Tournaments HC #10"]
[Site "SchemingMind.com"]
[Date "2014.04.22"]
[Round "-"]
[White "chesshub"]
[Black "Juan Jose Rivas Maceda"]
[Result "1-0"]
[WhiteCountry "FRA"]
[BlackCountry "PER"]
[WhiteElo "2469"]
[WhiteRD "71"]
[BlackElo "2273"]
[BlackRD "68"]
[GameID "356983"]

1. d4 d5 2. c4 c6 3. Nf3 Nf6 4. Nc3 e6 5. e3 Nbd7 6. Qc2 a6 7. b3 Bd6 8. Be2 e5 9. cxd5 cxd5 10. dxe5 Nxe5
11. Bb2 O-O 12. O-O Bg4 13. Nxe5 Bxe5 14. Bxg4 Nxg4 15. h3
1-0

[Event "Class Tournaments HC #10"]
[Site "SchemingMind.com"]
[Date "2014.04.18"]
[Round "-"]
[White "Juan Jose Rivas Maceda"]
[Black "Jari Laine"]
[Result "0-1"]
[WhiteCountry "PER"]
[BlackCountry "FIN"]
[WhiteElo "2273"]
[WhiteRD "68"]
[BlackElo "2470"]
[BlackRD "76"]
[GameID "356984"]

1. e4 e5 2. Nf3 Nc6 3. Bb5 a6 4. Ba4 d6 5. c3 Bd7 6. O-O Nf6 7. d4 g6 8. Re1 b5 9. Bc2 Bg7 10. Be3 O-O
11. Nbd2 exd4 12. cxd4 Nb4 13. Bb1 c5 14. e5 Nfd5 15. Bg5 f6
0-1

[Event "Class Tournaments HC #10"]
[Site "SchemingMind.com"]
[Date "2014.04.19"]
[Round "-"]
[White "Jari Laine"]
[Black "Juan Jose Rivas Maceda"]
[Result "1-0"]
[WhiteCountry "FIN"]
[BlackCountry "PER"]
[WhiteElo "2470"]
[WhiteRD "76"]
[BlackElo "2273"]
[BlackRD "68"]
[GameID "356985"]

1. c4 c5 2. Nc3 Nc6 3. g3 g6 4. Bg2 Bg7 5. Nf3 e5 6. O-O Nge7 7. a3 O-O 8. Rb1 d6 9. b4 Bf5 10. d3 Qd7
11. Ng5 f6 12. Nge4 b6 13. b5
1-0

[Event "Class Tournaments HC #10"]
[Site "SchemingMind.com"]
[Date "2014.04.18"]
[Round "-"]
[White "Juan Jose Rivas Maceda"]
[Black "teejaytee"]
[Result "0-1"]
[WhiteCountry "PER"]
[BlackCountry "ENG"]
[WhiteElo "2273"]
[WhiteRD "68"]
[BlackElo "2551"]
[BlackRD "85"]
[GameID "356988"]

1. e4 e5 2. Nf3 Nc6 3. Bb5 a6 4. Ba4 Nf6 5. O-O Be7 6. Re1 b5 7. Bb3 O-O 8. c3 d6 9. d4 Bg4 10. Be3 exd4
11. cxd4 Na5 12. Bc2 c5 13. h3 Bxf3 14. Qxf3 cxd4 15. Bxd4 Rc8 16. Qd1 Nd7 17. Nc3 Bf6 18. Rc1 Bg5 19. Rb1 Nc6 20. Be3 Bxe3
21. Rxe3 Nce5 22. Bb3 Nc5 23. Bd5 Qf6 24. a3 Ne6 25. Bb7 Rb8 26. Bxa6 Nc7 27. Nd5 Qd8 28. Nxc7 Qxc7 29. a4 bxa4
0-1

[Event "Class Tournaments HC #10"]
[Site "SchemingMind.com"]
[Date "2014.04.19"]
[Round "-"]
[White "teejaytee"]
[Black "Juan Jose Rivas Maceda"]
[Result "1-0"]
[WhiteCountry "ENG"]
[BlackCountry "PER"]
[WhiteElo "2551"]
[WhiteRD "85"]
[BlackElo "2273"]
[BlackRD "68"]
[GameID "356989"]

1. e4 e5 2. Nc3 Nc6 3. Bc4 Nf6 4. d3 Na5 5. Nge2 Bc5 6. O-O O-O 7. Ng3 h6 8. Bb3 c6 9. Nh5 d6 10. Nxf6+ Qxf6
11. Na4 Bb6 12. Nxb6 axb6 13. Be3 c5 14. Bd5 Be6 15. c4 Nc6 16. Qb3 Qd8 17. Rae1 Re8 18. a3 Re7 19. f4 exf4 20. Bxf4 Nd4
21. Qc3 Bxd5 22. cxd5 Qd7 23. Be3 Ra4 24. Qc1 f6 25. Rf2
1-0

[Event "Class Tournaments HC #10"]
[Site "SchemingMind.com"]
[Date "2014.04.21"]
[Round "-"]
[White "Juan Jose Rivas Maceda"]
[Black "michel"]
[Result "0-1"]
[WhiteCountry "PER"]
[BlackCountry "CAN"]
[WhiteElo "2273"]
[WhiteRD "68"]
[BlackElo "2236"]
[BlackRD "59"]
[GameID "356990"]

1. e4 e5 2. f4 exf4 3. Nf3 Nf6 4. e5 Nh5 5. d4 d6 6. Qe2 d5 7. c4 c6 8. Nc3 dxc4 9. Nd2 Na6 10. Qxh5 Nb4
11. Bxc4 Nc2+ 12. Kf1 Ne3+ 13. Ke1 g6 14. Qe2 Qxd4 15. Bb3 Bb4 16. Nc4 Bxc3+
0-1

[Event "Class Tournaments HC #10"]
[Site "SchemingMind.com"]
[Date "2014.04.21"]
[Round "-"]
[White "michel"]
[Black "Juan Jose Rivas Maceda"]
[Result "1-0"]
[WhiteCountry "CAN"]
[BlackCountry "PER"]
[WhiteElo "2236"]
[WhiteRD "59"]
[BlackElo "2273"]
[BlackRD "68"]
[GameID "356991"]

1. e4 e5 2. Nf3 Nc6 3. Bc4 Nf6 4. Ng5 d5 5. exd5 Na5 6. Bb5+ c6 7. dxc6 bxc6 8. Bd3 Ng4 9. Ne4 f5 10. Be2 h5
11. h3 fxe4 12. hxg4 Bc5 13. b4 Qd4 14. bxc5 O-O 15. O-O Qxa1 16. Nc3 e3 17. gxh5 exf2+ 18. Rxf2 Rxf2 19. Kxf2 Be6 20. Ba3 Rf8+
21. Kg3
1-0

[Event "Class Tournaments HC #10"]
[Site "SchemingMind.com"]
[Date "2014.04.18"]
[Round "-"]
[White "Juan Jose Rivas Maceda"]
[Black "Ebanon "]
[Result "0-1"]
[WhiteCountry "PER"]
[BlackCountry "ESP"]
[WhiteElo "2273"]
[WhiteRD "68"]
[BlackElo "2428"]
[BlackRD "69"]
[GameID "356992"]

1. e4 c5 2. Nf3 d6 3. d4 cxd4 4. Nxd4 Nf6 5. Nc3 a6 6. h3 e6 7. g4 d5 8. Nde2 Nc6 9. exd5 exd5 10. g5 Ne4
11. Nxe4 dxe4 12. Qxd8+ Nxd8 13. Bg2 Ne6 14. Bxe4 Bc5 15. h4 O-O 16. Be3 Bxe3 17. fxe3 Nc5 18. Bd5 Re8
0-1

[Event "Class Tournaments HC #10"]
[Site "SchemingMind.com"]
[Date "2014.04.19"]
[Round "-"]
[White "Ebanon "]
[Black "Juan Jose Rivas Maceda"]
[Result "1-0"]
[WhiteCountry "ESP"]
[BlackCountry "PER"]
[WhiteElo "2428"]
[WhiteRD "69"]
[BlackElo "2273"]
[BlackRD "68"]
[GameID "356993"]

1. e4 e5 2. Nf3 Nc6 3. Bb5 a6 4. Ba4 Nf6 5. O-O Be7 6. Re1 b5 7. Bb3 O-O 8. c3 d5 9. exd5 Nxd5 10. Nxe5 Nxe5
11. Rxe5 c6 12. d4 Bd6 13. Re1 Qh4 14. g3 Qh3 15. Re4 g5 16. a4 f5 17. Bxd5+
1-0